00250nam a2200097 a 4500008004100000050001700041100001800058245004900076350000900125700001800134120416s9999 xx |||||||||||||| || u aTD 172.5 Pol aClayton, K. M10aPollution abatementcedited by K. M. Clayton a0.00 aChilver, R. C